Nuclear energy; an introduction to the concepts, systems, and applications of nuclear processes / (Record no. 3034)

000 -LEADER
fixed length control field 00492nam a22001577a 4500
008 - FIXED-LENGTH DATA ELEMENTS--GENERAL INFORMATION
fixed length control field 200319b ||||| |||| 00| 0 eng d
020 ## - INTERNATIONAL STANDARD BOOK NUMBER
International Standard Book Number 0080181643
082 00 - DEWEY DECIMAL CLASSIFICATION NUMBER
Classification number 621.48
Item number M9846
100 ## - MAIN ENTRY--PERSONAL NAME
9 (RLIN) 2626
Personal name Murry, Raymond L.
245 10 - TITLE STATEMENT
Title Nuclear energy; an introduction to the concepts, systems, and applications of nuclear processes /
250 ## - EDITION STATEMENT
Edition statement 1st ed.
260 ## - PUBLICATION, DISTRIBUTION, ETC. (IMPRINT)
Place of publication, distribution, etc New York
Name of publisher, distributor, etc Pergamom Press Inc
Date of publication, distribution, etc 1975
300 ## - PHYSICAL DESCRIPTION
Extent xvi, 279 p.
650 #0 - SUBJECT ADDED ENTRY--TOPICAL TERM
Topical term or geographic name as entry element Nuclear Energy
942 ## - ADDED ENTRY ELEMENTS (KOHA)
Item type Books
Holdings
Withdrawn status Lost status Source of classification or shelving scheme Damaged status Not for loan Permanent location Current location Date acquired Full call number Barcode Date last seen Koha item type
          IMU Kolkata IMU Kolkata 1979-09-13 621.48 M9846 05122 2020-03-19 Books
Designed and Maintained by IMU-KC Library, Kolkata Campus © Copyright All Rights Reserved

webs counters

Powered by Koha